[Event "3o Piacenza Chess Festival - Open B"]
[Site "Piacenza ITA"]
[Date "2025.10.24"]
[Round "1.1"]
[White "CARLINO, Alessandro"]
[Black "DE MAUPEOU D`ABLEIGES, Alexandre"]
[Result "0-1"]
[WhiteElo "1780"]
[BlackElo "1911"]
[PlyCount "44"]
[EventDate "2025.10.24"]

1. e4 e5 2. Nf3 Nc6 3. d4 exd4 4. Nxd4 Nf6 5. Nc3 Bb4 6. Nxc6 bxc6 7. Bd3 d6 8.
h3 O-O 9. O-O Re8 10. Qf3 h6 11. Bf4 Nd7 12. Bc4 Qf6 13. Ne2 g5 14. Qb3 gxf4
15. Qxb4 f3 16. Ng3 Ne5 17. Qc3 Qh4 18. gxf3 Bxh3 19. Rfe1 Kh7 20. Bf1 Rg8 21.
Bxh3 Qxh3 22. Re2 Ng6 0-1

[Event "3o Piacenza Chess Festival - Open B"]
[Site "Piacenza ITA"]
[Date "2025.10.24"]
[Round "1.2"]
[White "DILENA, Giuseppe"]
[Black "MANTOVANI, Enrico"]
[Result "1-0"]
[WhiteElo "1906"]
[BlackElo "1778"]
[PlyCount "51"]
[EventDate "2025.10.24"]

1. e4 c5 2. Nf3 Nc6 3. d4 cxd4 4. Nxd4 a6 5. c4 e6 6. Nc3 d6 7. Be3 Nf6 8. Be2
Bd7 9. O-O Nxd4 10. Qxd4 e5 11. Qd3 Be7 12. Rac1 Rc8 13. b4 Be6 14. Nd5 Bxd5
15. exd5 Nd7 16. Bg4 g6 17. Bh6 Bg5 18. Bxd7+ Kxd7 19. Bxg5 Qxg5 20. c5 Qf5 21.
Qb3 Rhe8 22. c6+ bxc6 23. dxc6+ Kc7 24. Qa4 Kb6 25. Qa5+ Ka7 26. b5 1-0

[Event "3o Piacenza Chess Festival - Open B"]
[Site "Piacenza ITA"]
[Date "2025.10.24"]
[Round "1.3"]
[White "OTERI, Aldo"]
[Black "D'AGOSTINO, Maurizio"]
[Result "0-1"]
[WhiteElo "1766"]
[BlackElo "1894"]
[PlyCount "104"]
[EventDate "2025.10.24"]

1. f4 d5 2. Nf3 Nf6 3. e3 b6 4. d3 Bb7 5. Be2 Nbd7 6. O-O e6 7. c3 Bd6 8. Qc2
O-O 9. d4 Ne4 10. Nbd2 c5 11. Bd3 f5 12. Ne5 Rf6 13. Ndf3 c4 14. Bxe4 fxe4 15.
Nh4 Bxe5 16. dxe5 Rh6 17. g3 Qe7 18. b3 Ba6 19. b4 b5 20. a4 g5 21. Ng2 Rh3 22.
axb5 Bxb5 23. Qd1 Rh6 24. Qd4 a6 25. g4 Rf8 26. f5 exf5 27. Qxd5+ Qe6 28. Qxe6+
Rxe6 29. gxf5 Rxe5 30. Bb2 Rexf5 31. Rxf5 Rxf5 32. Rd1 Ne5 33. Rf1 Nf3+ 34. Kh1
Kg7 35. Ne1 Kg6 36. Kg2 g4 37. Kg3 Nxe1 38. Rxe1 Kg5 39. h4+ gxh3 40. Kxh3 Rf2
41. Ba1 Bd7+ 42. Kg3 Rf3+ 43. Kg2 h5 44. Bb2 Kg4 45. Bc1 h4 46. Re2 h3+ 47. Kh2
Ba4 48. Ra2 Bb5 49. Re2 Rf1 50. Bd2 Kf3 51. Re1 Rf2+ 52. Kxh3 Rxd2 0-1

[Event "3o Piacenza Chess Festival - Open B"]
[Site "Piacenza ITA"]
[Date "2025.10.24"]
[Round "1.4"]
[White "NUNNARI, Massimo"]
[Black "KOSAKOWSKI, Szymon"]
[Result "0-1"]
[WhiteElo "1893"]
[BlackElo "1761"]
[PlyCount "92"]
[EventDate "2025.10.24"]

1. d4 Nf6 2. c4 g6 3. Nc3 Bg7 4. e4 d6 5. h3 e5 6. dxe5 dxe5 7. Qxd8+ Kxd8 8.
Nf3 Nbd7 9. Bg5 c6 10. Be2 Kc7 11. O-O Re8 12. Nd2 Nf8 13. Be3 Ne6 14. Nb3 Nf4
15. Rfe1 Be6 16. Bf1 b6 17. Kh2 Bc8 18. c5 b5 19. f3 Be6 20. g3 N4h5 21. Na5
Nd7 22. b4 f5 23. Bxb5 cxb5 24. Nxb5+ Kc8 25. Nd6+ Kd8 26. Nc6+ Kc7 27. Nxe8+
Rxe8 28. Nxa7 f4 29. Bf2 fxg3+ 30. Bxg3 Nxg3 31. Kxg3 Nf6 32. Nb5+ Kb8 33. Nd6
Nh5+ 34. Kh2 Rf8 35. Rf1 Nf4 36. Rac1 Bxh3 37. Rf2 Nd3 38. Kxh3 Nxf2+ 39. Kg2
Nd3 40. Rc3 Nf4+ 41. Kf2 Rd8 42. b5 Bf8 43. b6 Bxd6 44. c6 Bc7 45. b7 Bb6+ 46.
Ke1 Ba5 0-1

[Event "3o Piacenza Chess Festival - Open B"]
[Site "Piacenza ITA"]
[Date "2025.10.24"]
[Round "1.5"]
[White "CANOSSA, Elena"]
[Black "D'ANGELO, Giovanni"]
[Result "1/2-1/2"]
[WhiteElo "1760"]
[BlackElo "1885"]
[PlyCount "64"]
[EventDate "2025.10.24"]

1. e4 c6 2. d4 d5 3. Nc3 dxe4 4. Nxe4 Nf6 5. Nxf6+ exf6 6. c3 Bd6 7. Bd3 O-O 8.
Ne2 Re8 9. O-O Nd7 10. Bf4 Nf8 11. Bxd6 Qxd6 12. Ng3 a5 13. Ne4 Qf4 14. Re1 Bg4
15. f3 Bh5 16. Qc2 Bg6 17. Nc5 b6 18. Bxg6 Nxg6 19. Nd3 Qg5 20. Nf2 f5 21. Nd3
Rad8 22. Qf2 f4 23. Rxe8+ Rxe8 24. Re1 Re7 25. Rxe7 Qxe7 26. Qe1 Qe6 27. Qxe6
fxe6 28. h4 h5 29. Kf2 Kf7 30. g3 fxg3+ 31. Kxg3 Ke7 32. Ne5 Nxe5 1/2-1/2

[Event "3o Piacenza Chess Festival - Open B"]
[Site "Piacenza ITA"]
[Date "2025.10.24"]
[Round "1.7"]
[White "DECARLI, Giuseppe"]
[Black "SACCHETTI, Andrea"]
[Result "0-1"]
[WhiteElo "1748"]
[BlackElo "1856"]
[PlyCount "76"]
[EventDate "2025.10.24"]

1. e4 d6 2. Nc3 Nf6 3. Bc4 e5 4. d3 Be7 5. Nf3 O-O 6. h3 c6 7. Bb3 Nbd7 8. O-O
Nc5 9. Be3 Nxb3 10. axb3 b6 11. Ne2 Qc7 12. Ng3 Re8 13. Bg5 h6 14. Bxf6 Bxf6
15. Qe2 g6 16. Qe3 Bg7 17. c3 Be6 18. b4 a5 19. bxa5 Rxa5 20. b4 Ra7 21. Rxa7
Qxa7 22. Ne2 Ra8 23. Nh2 b5 24. Qc1 Qd7 25. f4 Ra2 26. Qe3 exf4 27. Rxf4 Ra3
28. Qd2 Qa7+ 29. Kh1 Ra2 30. Qe1 Ra1 31. Nc1 Qa3 32. Rf1 Bxc3 33. Qd1 Bb2 34.
Qc2 Rxc1 35. Rxc1 Bxc1 36. Qxc6 Bd2 37. Nf3 Qc1+ 38. Qxc1 Bxc1 0-1

[Event "3o Piacenza Chess Festival - Open B"]
[Site "Piacenza ITA"]
[Date "2025.10.24"]
[Round "1.8"]
[White "PODDUBSKIY, Pavel"]
[Black "FERSINI, Maurizio"]
[Result "1/2-1/2"]
[WhiteElo "1837"]
[BlackElo "1733"]
[PlyCount "114"]
[EventDate "2025.10.24"]

1. e4 c5 2. Nf3 e6 3. d4 cxd4 4. Nxd4 a6 5. h3 Qc7 6. Nc3 Nf6 7. g4 Bb4 8. Qf3
Qe5 9. Nde2 Qxe4 10. Qxe4 Nxe4 11. Bg2 Nxc3 12. bxc3 Ba5 13. Ba3 Nc6 14. Bd6
Bd8 15. c4 Be7 16. c5 Bxd6 17. cxd6 Rb8 18. O-O O-O 19. Rab1 Na5 20. Rb4 b5 21.
Rfb1 Bb7 22. a4 Bxg2 23. Kxg2 Nc6 24. Re4 b4 25. f4 f5 26. Rc4 fxg4 27. hxg4 g6
28. Kg3 Kg7 29. Rc5 a5 30. Rb3 Ra8 31. Rd3 Kf6 32. Rf3 Kg7 33. Rd3 Kf6 34. Rf3
Kg7 35. Kf2 Ra6 36. Kg2 h6 37. Rd3 Kf6 38. Ng3 Kg7 39. Ne2 Kf6 40. Re3 Kg7 41.
Rb5 Ra7 42. Re4 Rc8 43. Rc5 Rb8 44. Nc1 Kf6 45. Nb3 Rg8 46. Kf2 Ra6 47. Nd2 Rb8
48. Rec4 Kg7 49. Ke3 Rf8 50. Re4 Kf6 51. Nc4 Rb8 52. f5 gxf5 53. gxf5 exf5 54.
Rf4 Re8+ 55. Kd3 Ne5+ 56. Kd4 Nc6+ 57. Kd3 Ne5+ 1/2-1/2

[Event "3o Piacenza Chess Festival - Open B"]
[Site "Piacenza ITA"]
[Date "2025.10.24"]
[Round "1.9"]
[White "VENDRAMINI, Ivano"]
[Black "LEONI, Fabrizio"]
[Result "0-1"]
[WhiteElo "1714"]
[BlackElo "1833"]
[PlyCount "85"]
[EventDate "2025.10.24"]

1. e4 c6 2. d4 d5 3. Nc3 dxe4 4. Nxe4 Nd7 5. Nf3 Ngf6 6. Ng3 e6 7. Bd3 Qc7 8.
O-O Bd6 9. Re1 O-O 10. Qe2 Re8 11. Ne5 c5 12. c3 b6 13. Bg5 Bb7 14. Rac1 a6 15.
Nxd7 Nxd7 16. Qh5 Nf8 17. Ne4 Be7 18. Bxe7 Qxe7 19. dxc5 g6 20. Qe5 Nd7 21. Qd6
Nxc5 22. Qxe7 Rxe7 23. Nxc5 bxc5 24. b4 Rc7 25. a4 Rd8 26. Be2 Rd2 27. Kf1 cxb4
28. cxb4 Rxc1 29. Rxc1 Bxg2+ 30. Kxg2 Rxe2 31. Rb1 Ra2 32. b5 axb5 33. axb5 Ra7
34. b6 Rb7 35. Kf3 Kf8 36. Ke4 Ke7 37. Kd4 Kd6 38. Kc4 Kc6 39. Kd4 f6 40. Rb4
Rxb6 41. Rc4+ Kd6 42. Rc8 Rb4+ 43. Ke3 0-1

[Event "3o Piacenza Chess Festival - Open B"]
[Site "Piacenza ITA"]
[Date "2025.10.24"]
[Round "1.10"]
[White "DI MAULO, Alessandra"]
[Black "LOSI, Paolo"]
[Result "1/2-1/2"]
[WhiteElo "1829"]
[BlackElo "1703"]
[PlyCount "42"]
[EventDate "2025.10.24"]

1. e4 c5 2. Nf3 d6 3. d4 cxd4 4. Qxd4 Bd7 5. Be2 Nc6 6. Qe3 Nf6 7. h3 e6 8. O-O
Be7 9. Rd1 Qc7 10. c4 O-O 11. Nc3 a6 12. b3 Rad8 13. Bb2 h6 14. Rac1 Qb8 15.
Ba3 Rfe8 16. Rd2 Bc8 17. Rcd1 Bf8 18. Bf1 Qc7 19. b4 Nb8 20. b5 e5 21. Bb2 Be6
1/2-1/2

[Event "3o Piacenza Chess Festival - Open B"]
[Site "Piacenza ITA"]
[Date "2025.10.24"]
[Round "1.11"]
[White "FERRARI, Giuseppe"]
[Black "AULEHLA, Jacopo"]
[Result "0-1"]
[WhiteElo "1701"]
[BlackElo "1815"]
[PlyCount "40"]
[EventDate "2025.10.24"]

1. e4 e6 2. d4 d5 3. exd5 exd5 4. Nf3 Bd6 5. Nc3 c6 6. g3 b6 7. Be3 Nf6 8. Qd2
Bb4 9. a3 Ne4 10. Qd3 Ba6 11. axb4 Bxd3 12. cxd3 Nd6 13. Bg2 Nd7 14. O-O O-O
15. Bf4 Nb5 16. Rfe1 Re8 17. Nxb5 cxb5 18. Ne5 Nf6 19. Bg5 Qd6 20. Bh3 Qxb4 0-1

[Event "3o Piacenza Chess Festival - Open B"]
[Site "Piacenza ITA"]
[Date "2025.10.24"]
[Round "1.12"]
[White "SARGSYAN, Mher"]
[Black "ARMANI, Dong Hao Paolo"]
[Result "1-0"]
[WhiteElo "1813"]
[BlackElo "1699"]
[PlyCount "49"]
[EventDate "2025.10.24"]

1. d4 d5 2. Nf3 Nf6 3. e3 Bf5 4. Bd3 Bxd3 5. Qxd3 e6 6. Qb5+ Nbd7 7. Qxb7 Bd6
8. Nbd2 O-O 9. Qa6 Qe7 10. c4 c5 11. O-O Rfb8 12. a3 Rb6 13. Qa4 Ne4 14. Qc2 f5
15. b4 Bc7 16. dxc5 Rbb8 17. Bb2 a5 18. c6 Ndf6 19. b5 a4 20. Be5 dxc4 21. Bxc7
Qxc7 22. Qxc4 Nd6 23. Qxe6+ Kh8 24. Ne5 Re8 25. Qxd6 1-0

[Event "3o Piacenza Chess Festival - Open B"]
[Site "Piacenza ITA"]
[Date "2025.10.24"]
[Round "1.13"]
[White "BOSCHIERO, Andrea"]
[Black "MRAD, Anahid"]
[Result "1/2-1/2"]
[WhiteElo "1684"]
[BlackElo "1812"]
[PlyCount "65"]
[EventDate "2025.10.24"]

1. e4 e5 2. Nf3 Nc6 3. Bc4 Nf6 4. Ng5 d5 5. exd5 Na5 6. Bb5+ c6 7. dxc6 bxc6 8.
Bd3 Nd5 9. Nf3 Bd6 10. O-O O-O 11. Re1 Re8 12. Nc3 Nf4 13. Bf1 Bg4 14. d3 Qf6
15. Ne4 Qg6 16. Bxf4 exf4 17. Nh4 Qh5 18. f3 Be5 19. fxg4 Qxh4 20. d4 Rad8 21.
c3 f3 22. Ng3 fxg2 23. Bxg2 Bxg3 24. Rxe8+ Rxe8 25. hxg3 Qxg3 26. Qf3 Qh4 27.
b4 Nc4 28. Qxc6 Qe7 29. Qxc4 Qe3+ 30. Kh1 Qh6+ 31. Kg1 Qe3+ 32. Kh2 Qf4+ 33.
Kg1 1/2-1/2

[Event "3o Piacenza Chess Festival - Open B"]
[Site "Piacenza ITA"]
[Date "2025.10.24"]
[Round "1.14"]
[White "CALVIGIONI, Matteo"]
[Black "PANNONE, Alessandro"]
[Result "1/2-1/2"]
[WhiteElo "1805"]
[BlackElo "1680"]
[PlyCount "98"]
[EventDate "2025.10.24"]

1. d4 d5 2. Nf3 Nf6 3. e3 Bf5 4. c4 c6 5. Nc3 e6 6. Qb3 Qb6 7. c5 Qc7 8. Qd1
Nbd7 9. b4 Be7 10. Bd3 Bg6 11. O-O Ne4 12. Bxe4 dxe4 13. Nd2 Nf6 14. f3 exf3
15. Nxf3 O-O 16. Ne5 Nd5 17. Nxd5 exd5 18. e4 dxe4 19. Bf4 Qd8 20. Nxg6 hxg6
21. Be3 Bf6 22. Kh1 Qd5 23. Qc2 Rad8 24. a4 a6 25. Rab1 Rfe8 26. b5 axb5 27.
axb5 Ra8 28. bxc6 bxc6 29. Qd1 Ra3 30. Qc1 Rd3 31. Rd1 Rxd1+ 32. Qxd1 Rd8 33.
Qa4 Be7 34. Rb7 Bf6 35. Rb1 Be7 36. Qa7 Bg5 37. Bxg5 Qxg5 38. h3 Qd5 39. Rf1 f5
40. Rb1 e3 41. Qe7 Qxd4 42. Rb7 f4 43. Qf7+ Kh7 44. Qe7 Qd1+ 45. Kh2 Qd4 46.
Qh4+ Kg8 47. Qe7 Qf6 48. Qe4 Rf8 49. Re7 f3 1/2-1/2

[Event "3o Piacenza Chess Festival - Open B"]
[Site "Piacenza ITA"]
[Date "2025.10.24"]
[Round "1.15"]
[White "RIZZI, Giacomo"]
[Black "KAMMANN, Thomas"]
[Result "1-0"]
[WhiteElo "1673"]
[BlackElo "1802"]
[PlyCount "75"]
[EventDate "2025.10.24"]

1. e4 c5 2. Nf3 Nc6 3. c3 e6 4. d4 cxd4 5. cxd4 Bb4+ 6. Nc3 Nf6 7. d5 Ne7 8. d6
Nc6 9. e5 Ne4 10. Qc2 f5 11. Bd3 Qa5 12. O-O Nxc3 13. bxc3 Bxc3 14. Bb2 Bxe5
15. Nxe5 Nxe5 16. Rfe1 Nxd3 17. Qxd3 O-O 18. Qg3 Rf7 19. Rac1 Qd8 20. Rc7 a5
21. Rxe6 b5 22. Re5 f4 23. Qg4 b4 24. Rg5 Qf8 25. Qf3 Rb8 26. Qd5 Kh8 27. h4 a4
28. h5 h6 29. Rg6 Kh7 30. Qe4 Kg8 31. Qe5 Kh7 32. Rc4 a3 33. Ba1 b3 34. axb3
Rf6 35. Rxf4 Rxb3 36. Rfxf6 gxf6 37. Rxf6 Qg7 38. Rxh6+ 1-0

[Event "3o Piacenza Chess Festival - Open B"]
[Site "Piacenza ITA"]
[Date "2025.10.24"]
[Round "1.16"]
[White "ROMEO, Giovanni Maria"]
[Black "DI IASIO, Alessandro"]
[Result "1-0"]
[WhiteElo "1801"]
[BlackElo "1672"]
[PlyCount "51"]
[EventDate "2025.10.24"]

1. e4 e5 2. Nf3 Nc6 3. Bc4 Bc5 4. c3 Nf6 5. d3 d6 6. Nbd2 a6 7. Bb3 Be6 8. Bc2
Ba7 9. h3 Ne7 10. Nf1 Ng6 11. Ng3 O-O 12. O-O h6 13. b4 Re8 14. Be3 Qc8 15. Kh2
Bd7 16. Qd2 Kh7 17. Rad1 Rd8 18. Ng1 c5 19. Rc1 Qc7 20. f4 exf4 21. Bxf4 Kg8
22. Bxh6 Ng4+ 23. hxg4 gxh6 24. Qxh6 Be8 25. Nh5 f6 26. Nxf6+ 1-0

[Event "3o Piacenza Chess Festival - Open B"]
[Site "Piacenza ITA"]
[Date "2025.10.24"]
[Round "1.17"]
[White "TORRICELLI, Lorenzo"]
[Black "SERBAN, Sara Annamaria"]
[Result "0-1"]
[WhiteElo "1652"]
[BlackElo "1801"]
[PlyCount "56"]
[EventDate "2025.10.24"]

1. d4 d5 2. c4 c6 3. Nf3 Nf6 4. Nc3 e6 5. e3 Nbd7 6. Bd3 Be7 7. O-O dxc4 8.
Bxc4 b5 9. Bd3 a6 10. e4 c5 11. d5 exd5 12. exd5 Nb6 13. Ne5 Bb7 14. Nxb5 axb5
15. Bxb5+ Kf8 16. Bg5 Qxd5 17. Qxd5 Bxd5 18. a4 h6 19. a5 hxg5 20. axb6 Rb8 21.
Rfd1 Bd6 22. Rxd5 Nxd5 23. Nd7+ Kg8 24. Rd1 Bxh2+ 25. Kf1 Nxb6 26. Nxb6 Rxb6
27. Rd8+ Kh7 28. Bd3+ g6 0-1

[Event "3o Piacenza Chess Festival - Open B"]
[Site "Piacenza ITA"]
[Date "2025.10.24"]
[Round "2.1"]
[White "DE MAUPEOU D`ABLEIGES, Alexandre"]
[Black "SARGSYAN, Mher"]
[Result "1-0"]
[WhiteElo "1911"]
[BlackElo "1813"]
[PlyCount "89"]
[EventDate "2025.10.24"]

1. e4 c6 2. d4 d5 3. e5 c5 4. dxc5 e6 5. Qg4 Nd7 6. Nf3 Nxc5 7. Be2 Ne7 8. O-O
Nf5 9. c4 d4 10. Rd1 d3 11. Bf1 h5 12. Qf4 g6 13. Nc3 Bh6 14. Ng5 O-O 15. b4
Bxg5 16. Qxg5 Qd4 17. bxc5 Qxc3 18. Bf4 Qd4 19. Bxd3 Qd8 20. Be4 Qxg5 21. Bxg5
Rb8 22. f3 b6 23. g4 Ng7 24. Be7 bxc5 25. Bxf8 Kxf8 26. Rab1 Rxb1 27. Rxb1 Ba6
28. Rb8+ Ke7 29. Ra8 Bxc4 30. Rxa7+ Kf8 31. Kf2 hxg4 32. fxg4 Ne8 33. a4 f5 34.
Bc6 Bd5 35. Bxe8 Kxe8 36. gxf5 exf5 37. Rc7 c4 38. Rc5 Bh1 39. Rxc4 Kd7 40. h4
Ke6 41. Rc5 f4 42. a5 Kf5 43. a6 g5 44. hxg5 Kxg5 45. a7 1-0

[Event "3o Piacenza Chess Festival - Open B"]
[Site "Piacenza ITA"]
[Date "2025.10.24"]
[Round "2.2"]
[White "AULEHLA, Jacopo"]
[Black "DILENA, Giuseppe"]
[Result "1/2-1/2"]
[WhiteElo "1815"]
[BlackElo "1906"]
[PlyCount "42"]
[EventDate "2025.10.24"]

1. Nf3 Nf6 2. g3 e6 3. Bg2 d5 4. O-O Be7 5. c4 O-O 6. b3 b6 7. Bb2 Bb7 8. d4 c5
9. e3 Nc6 10. Nbd2 Rc8 11. a3 cxd4 12. Nxd4 Nxd4 13. exd4 a5 14. Re1 Ba6 15.
Rc1 Re8 16. a4 Bb4 17. Bf1 Bb7 18. Re3 Qd6 19. Bg2 Ba6 20. Bf1 Bb7 21. Bg2 Ba6
1/2-1/2

[Event "3o Piacenza Chess Festival - Open B"]
[Site "Piacenza ITA"]
[Date "2025.10.24"]
[Round "2.3"]
[White "D'AGOSTINO, Maurizio"]
[Black "ROMEO, Giovanni Maria"]
[Result "0-1"]
[WhiteElo "1894"]
[BlackElo "1801"]
[PlyCount "98"]
[EventDate "2025.10.24"]

1. c4 Nf6 2. Nc3 e6 3. Nf3 b6 4. e3 Bb7 5. Be2 Be7 6. O-O O-O 7. b3 d6 8. d4
Nbd7 9. Bb2 a5 10. Qc2 d5 11. Rfd1 c6 12. Rac1 Qc7 13. cxd5 Nxd5 14. Nxd5 exd5
15. Qf5 Nf6 16. Ne5 Rac8 17. Bf3 Qd6 18. Qb1 g6 19. h3 Nd7 20. e4 Bg5 21. Rc2
dxe4 22. Bxe4 Nf6 23. Bf3 Nd5 24. Nc4 Qd8 25. Ba3 Nb4 26. Bxb4 axb4 27. Re2 Bf6
28. Qe4 Qc7 29. Ne5 Rfe8 30. Rde1 Ba6 31. Rc2 c5 32. Qf4 Bxe5 33. dxe5 Rcd8 34.
Qg5 Bc8 35. h4 Bf5 36. Rce2 Qe7 37. Qxe7 Rxe7 38. Bc6 h5 39. Bb5 Rd4 40. g3 Ra7
41. f3 Ra5 42. Bc6 b5 43. Kf2 c4 44. Be4 Bxe4 45. fxe4 c3 46. Ke3 Rd7 47. Rf1
Ra8 48. Rf6 Re8 49. Kf4 Rde7 0-1

[Event "3o Piacenza Chess Festival - Open B"]
[Site "Piacenza ITA"]
[Date "2025.10.24"]
[Round "2.4"]
[White "SERBAN, Sara Annamaria"]
[Black "MERUSI, Luigi"]
[Result "1/2-1/2"]
[WhiteElo "1801"]
[BlackElo "1856"]
[PlyCount "56"]
[EventDate "2025.10.24"]

1. Nf3 Nf6 2. g3 g6 3. Bg2 Bg7 4. O-O O-O 5. d3 d5 6. Nbd2 c5 7. e4 Nc6 8. c3
e5 9. Qc2 h6 10. Ne1 Be6 11. exd5 Bxd5 12. Ne4 Nxe4 13. Bxe4 Kh7 14. Be3 b6 15.
Bg2 Ne7 16. Rd1 f5 17. f4 Bxg2 18. Nxg2 Nd5 19. Bc1 Re8 20. fxe5 Rxe5 21. Rfe1
Qd6 22. Re2 Rae8 23. Rde1 Rxe2 24. Rxe2 Re6 25. Kf2 Bf6 26. Rxe6 Qxe6 27. Qe2
Qf7 28. a3 Kg7 1/2-1/2

[Event "3o Piacenza Chess Festival - Open B"]
[Site "Piacenza ITA"]
[Date "2025.10.24"]
[Round "2.5"]
[White "SACCHETTI, Andrea"]
[Black "AVETISYAN, Mark"]
[Result "0-1"]
[WhiteElo "1856"]
[BlackElo "1800"]
[PlyCount "90"]
[EventDate "2025.10.24"]

1. d4 d5 2. c4 e6 3. Nc3 dxc4 4. e3 a6 5. Bxc4 b5 6. Be2 c6 7. Nf3 Nf6 8. O-O
Bd6 9. Qc2 O-O 10. Ne4 Bc7 11. Nxf6+ Qxf6 12. b3 Bb7 13. Bb2 Qe7 14. Rac1 Nd7
15. Qe4 Rfc8 16. Rfd1 Rab8 17. Bd3 f5 18. Qh4 Qxh4 19. Nxh4 Nf6 20. Nf3 Bd6 21.
Be2 Nd5 22. h3 Rc7 23. Ne1 Rbc8 24. Nd3 c5 25. dxc5 Bxc5 26. Nxc5 Rxc5 27. Rxc5
Rxc5 28. Bd3 Ne7 29. Ba3 Rc7 30. Bb1 Nd5 31. Bb2 Rd7 32. e4 fxe4 33. Bxe4 Bc6
34. Bf3 Nb6 35. Rxd7 Bxd7 36. Bc3 Nd5 37. Bd2 Kf7 38. Kf1 Kf6 39. Ke2 Ke5 40.
Kd3 Be8 41. Be4 h6 42. g3 Bh5 43. f4+ Kd6 44. Kd4 Be2 45. f5 e5# 0-1

[Event "3o Piacenza Chess Festival - Open B"]
[Site "Piacenza ITA"]
[Date "2025.10.24"]
[Round "2.6"]
[White "LEONI, Fabrizio"]
[Black "RIZZI, Giacomo"]
[Result "0-1"]
[WhiteElo "1833"]
[BlackElo "1673"]
[PlyCount "64"]
[EventDate "2025.10.24"]

1. d4 c5 2. d5 e5 3. e4 d6 4. Bb5+ Nd7 5. c4 Be7 6. Nc3 a6 7. Ba4 Ngf6 8. Qd3
O-O 9. Nge2 Nh5 10. g4 Nhf6 11. h3 Ne8 12. Ng3 Bg5 13. h4 Bxc1 14. Rxc1 b5 15.
Bd1 bxc4 16. Qd2 Nc7 17. Nf5 Nb6 18. Be2 Nb5 19. f3 Bxf5 20. gxf5 Nd4 21. Kf2
Rb8 22. Rcg1 Qf6 23. Rg4 Kh8 24. h5 Rg8 25. Bd1 Qh6 26. Qxh6 gxh6 27. Ke3 Nd7
28. Rxg8+ Rxg8 29. Rh2 Nf6 30. Be2 Rg5 31. Bxc4 Rg3 32. Be2 Ng4+ 0-1

[Event "3o Piacenza Chess Festival - Open B"]
[Site "Piacenza ITA"]
[Date "2025.10.24"]
[Round "2.7"]
[White "KOSAKOWSKI, Szymon"]
[Black "GRASSO, Gaetano"]
[Result "0-1"]
[WhiteElo "1761"]
[BlackElo "1989"]
[PlyCount "82"]
[EventDate "2025.10.24"]

1. Nf3 c5 2. g3 Nc6 3. Bg2 e5 4. c4 d6 5. Nc3 Be6 6. d3 Qd7 7. a3 Nge7 8. Bg5
Nf5 9. Rb1 Nfd4 10. Nxd4 Nxd4 11. Be3 Rc8 12. Bxd4 cxd4 13. Nd5 Be7 14. Qb3 Bd8
15. O-O h5 16. Qb5 Qxb5 17. cxb5 Rc5 18. Nb4 Rxb5 19. Rbc1 O-O 20. e3 dxe3 21.
fxe3 a5 22. Nc2 Rxb2 23. d4 Bg5 24. d5 Bd7 25. h4 Bh6 26. Kh2 Bb5 27. Rb1 Rxb1
28. Rxb1 Bd3 29. Rb2 b5 30. Bh3 f5 31. Ne1 Bc4 32. e4 fxe4 33. Be6+ Kh7 34. g4
hxg4 35. Ng2 Bf4+ 36. Nxf4 exf4 37. Bxg4 f3 38. Kg3 f2 39. Rxf2 Rxf2 40. Kxf2
Bxd5 41. Ke3 Kg6 0-1

[Event "3o Piacenza Chess Festival - Open B"]
[Site "Piacenza ITA"]
[Date "2025.10.24"]
[Round "2.8"]
[White "D'ANGELO, Giovanni"]
[Black "BOSCHIERO, Andrea"]
[Result "1-0"]
[WhiteElo "1885"]
[BlackElo "1684"]
[PlyCount "71"]
[EventDate "2025.10.24"]

1. Nf3 Nf6 2. c4 e6 3. g3 d5 4. Bg2 Be7 5. O-O O-O 6. d3 b6 7. Nc3 Bb7 8. Bf4
Bd6 9. Bxd6 cxd6 10. cxd5 Nxd5 11. e4 Nxc3 12. bxc3 Nd7 13. Nd2 Rc8 14. Rc1 Ne5
15. Nb3 Ba6 16. c4 Nd7 17. Re1 e5 18. Bh3 Rc7 19. Qd2 Nc5 20. d4 Nxb3 21. axb3
Bc8 22. Bg2 Be6 23. f4 f6 24. f5 Bd7 25. Rcd1 Qc8 26. Re3 Be8 27. h3 b5 28.
cxb5 Bxb5 29. dxe5 a6 30. exd6 Rd7 31. Rc3 Qb7 32. e5 Qb6+ 33. Qf2 Qxf2+ 34.
Kxf2 fxe5 35. Bd5+ Kh8 36. Be6 1-0

[Event "3o Piacenza Chess Festival - Open B"]
[Site "Piacenza ITA"]
[Date "2025.10.24"]
[Round "2.9"]
[White "DE SIMONE, Alessandro"]
[Black "PODDUBSKIY, Pavel"]
[Result "1/2-1/2"]
[WhiteElo "1748"]
[BlackElo "1837"]
[PlyCount "80"]
[EventDate "2025.10.24"]

1. d4 Nf6 2. c4 e6 3. Nf3 d5 4. g3 c6 5. Bg2 Nbd7 6. Qc2 Bb4+ 7. Bd2 Qa5 8. a3
Bxd2+ 9. Nbxd2 O-O 10. O-O Qc7 11. Rac1 Re8 12. Rfd1 Nb6 13. Ne5 Bd7 14. e4
Rad8 15. b4 a6 16. a4 dxc4 17. Ndxc4 Bc8 18. Ne3 Nbd7 19. f4 Qb6 20. Qd2 Nxe5
21. fxe5 Nd7 22. Nc4 Qc7 23. Nd6 Rf8 24. Qb2 f6 25. Qb3 Nb8 26. Nxc8 Qxc8 27.
Bh3 Rde8 28. d5 Qc7 29. Bxe6+ Kh8 30. exf6 Qb6+ 31. Kh1 Rxf6 32. Rf1 Ref8 33.
Rf5 Qd4 34. Qc4 Qe3 35. Rcf1 Rxf5 36. Rxf5 Qe1+ 37. Kg2 Qd2+ 38. Kg1 Qe3+ 39.
Kg2 Qd2+ 40. Kg1 Qe3+ 1/2-1/2

[Event "3o Piacenza Chess Festival - Open B"]
[Site "Piacenza ITA"]
[Date "2025.10.24"]
[Round "2.10"]
[White "FERSINI, Maurizio"]
[Black "DI MAULO, Alessandra"]
[Result "1/2-1/2"]
[WhiteElo "1733"]
[BlackElo "1829"]
[PlyCount "151"]
[EventDate "2025.10.24"]

1. c4 e6 2. g3 d5 3. cxd5 exd5 4. Bg2 Nf6 5. Nf3 Bd6 6. O-O O-O 7. d3 h6 8. a3
a5 9. Nc3 Re8 10. Qc2 c6 11. h3 Nbd7 12. Re1 Ne5 13. Nxe5 Bxe5 14. Bd2 Be6 15.
Kh2 Nh5 16. f4 Bc7 17. e4 dxe4 18. dxe4 Bc4 19. Rad1 Qd3 20. Qxd3 Bxd3 21. Be3
Rad8 22. Bf3 Nf6 23. e5 Nh7 24. Be4 Bc4 25. Bc2 Rxd1 26. Rxd1 Rd8 27. Rxd8+
Bxd8 28. b3 Be6 29. g4 Bh4 30. Ne4 Bd5 31. Bb6 Bxe4 32. Bxe4 Be1 33. Bf5 Bd2
34. Kg3 Nf8 35. Bc8 Ng6 36. Bxb7 Bxf4+ 37. Kf3 Bd2 38. Bd4 Ne7 39. h4 Kf8 40.
Bc5 Ke8 41. b4 axb4 42. axb4 Kd7 43. Ba6 Nd5 44. b5 cxb5 45. Bxb5+ Kc7 46. Bf8
g6 47. Be8 Nb6 48. Bxf7 Nd7 49. Bd6+ Kd8 50. Bxg6 Nb6 51. Ke4 Be1 52. h5 Bh4
53. Kf5 Nc4 54. Bf8 Ne3+ 55. Kf4 Bg5+ 56. Kf3 Nc4 57. e6 Ne5+ 58. Kg3 Nc6 59.
Bf5 Nd4 60. Bc5 Nc6 61. Kf3 Ne7 62. Be3 Ng8 63. Bxg5+ hxg5 64. Ke4 Ke7 65. Kd5
Nh6 66. Ke5 Ng8 67. Bg6 Nh6 68. Bf7 Nxg4+ 69. Kf5 Nh6+ 70. Kxg5 Nxf7+ 71. exf7
Kxf7 72. Kh6 Kf6 73. Kh7 Kf7 74. Kh8 Kf8 75. h6 Kf7 76. h7 1/2-1/2

[Event "3o Piacenza Chess Festival - Open B"]
[Site "Piacenza ITA"]
[Date "2025.10.24"]
[Round "2.11"]
[White "MRAD, Anahid"]
[Black "COMINELLI, Mario"]
[Result "1-0"]
[WhiteElo "1812"]
[BlackElo "1666"]
[PlyCount "61"]
[EventDate "2025.10.24"]

1. e4 e6 2. d4 d5 3. Nc3 Bb4 4. e5 c5 5. a3 Bxc3+ 6. bxc3 Qa5 7. Bd2 Qa4 8.
dxc5 Nc6 9. Nf3 Bd7 10. Bd3 Nge7 11. O-O Nf5 12. Bxf5 exf5 13. Be3 Be6 14. Nd4
Nxd4 15. Bxd4 O-O-O 16. Qd3 Qc4 17. Qd2 h6 18. Rfb1 Qa6 19. Rb3 g5 20. Rab1 Rd7
21. c6 Qxc6 22. Bxa7 d4 23. Rb5 dxc3 24. Qe1 Qa6 25. Qxc3+ Rc7 26. Rc5 Rxc5 27.
Qxc5+ Kd7 28. Rd1+ Ke8 29. Bb6 Qa8 30. Qd6 Rh7 31. Bc5 1-0